Najlepsze Polskie miejscowości wg skali Cichego - Statystyki

Ogólne statystyki
  • Ten quiz został rozwiązany 12 razy
  • Średni wynik to 4 z 11
Statystyki odpowiedzi
Województwo Miejscowość % Poprawnych
Dolnośląskie Wrocław
91%
Kurba Leśna Dolina Białystok
45%
Dolnośląskie Wałbrzych
45%
Dolnośląskie Wałbrzych
45%
Dolnośląskie Wałbrzych
45%
Małopolskie Kraków
36%
Dolnośląskie Kłodzko
27%
Pomorskie Hel
18%
Dolnośląskie Kąty Wrocławskie
9%
Dolnośląskie Międzyrzecze
9%
Dolnośląskie Strzegom
9%
Nie znaleziono quizów pasujących do podanych kryteriów
Rozkład punktacji
Procent ludzi z każdym wynikiem
Percentyl według liczby udzielonych odpowiedzi
Twoja historia wyników
Nie rozwiązałeś tego quizu